Sports Quiz

Random Sports or Football Quiz

Jerry Rice's Quarterbacks Quiz Stats

Quiz Updated Jan 5, 2015

Challenge
Share
Tweet
Embed
Score 0/18 Timer 06:00
3 Plays Today
Completions Quarterback % Correct
416 (67)Joe Montana
98.6%
672 (92)Steve Young
97%
230 (19)Rich Gannon
80.1%
123 (11)Jeff Garcia
69.5%
22 (2)Matt Hasselbeck
60.2%
73 (8)Elvis Grbac
27.1%
51 (5)Steve Bono
21.4%
4 (0)Rob Johnson
18.7%
3 (0)Kerry Collins
17%
Completions Quarterback % Correct
3 (1)Trent Dilfer
13.7%
27 (2)Rick Mirer
9%
6 (0)Marques Tuiasosopo
7.4%
6 (0)Ty Detmer
6.3%
32 (8)Jeff Kemp
3.6%
5 (1)Matt Cavanaugh
3.4%
9 (0)Steve Stenstrom
2.4%
8 (1)Mike Moroski
1.8%
8 (0)Jeff Brohm
1.7%

You're not logged in!

Compare scores with friends on all Sporcle quizzes.
Join for Free
OR
Log In

You Might Also Like...

Show Comments

Extras

Top Quizzes Today


Score Distribution

Your Account Isn't Verified!

In order to create a playlist on Sporcle, you need to verify the email address you used during registration. Go to your Sporcle Settings to finish the process.

Report this User

Report this user for behavior that violates our Community Guidelines.

Details: